万能青年旅店所有曲目 All music works by Omnipotent Youth Society - Statistics

General Stats
  • This quiz has been taken 48 times
  • The average score is 11 of 18
Answer Stats
专辑 曲目 % Correct
万能青年旅店 杀死那个石家庄人
98%
万能青年旅店 大石碎胸口
91%
万能青年旅店 秦皇岛
87%
万能青年旅店 十万嬉皮
71%
冀西南林路行 河北墨麒麟
71%
万能青年旅店 狗尿馆
64%
冀西南林路行 采石
60%
冀西南林路行 山雀
60%
万能青年旅店 揪心的玩笑与漫长的白日梦
58%
冀西南林路行 郊眠寺
58%
万能青年旅店 洋鸟消夏录
56%
万能青年旅店 不万能的喜剧
53%
冀西南林路行 泥河
49%
冀西南林路行
47%
冀西南林路行 平等云雾
47%
音乐肖像2015(单曲) 张洲
47%
冀西南林路行 绕越
44%
万能青年旅店 在这颗行星所有的酒馆
33%
No matching quizzes found
Score Distribution
Percent of People with Each Score
Percentile by Number Answered
Your Score History
You have not taken this quiz